|
|
|
|
| LEADER |
01300nam a22003612i 4500 |
| 001 |
001535063 |
| 003 |
CZ BrMZK |
| 005 |
20170411151930.0 |
| 007 |
ta |
| 008 |
160714s1986 xr erf||||||||||cze d |
| 015 |
|
|
|a cnb000035300
|
| 040 |
|
|
|a BOA001
|b cze
|e rda
|
| 072 |
|
7 |
|a 796
|x Sport. Hry. Tělesná cvičení
|2 Konspekt
|9 20
|
| 080 |
|
|
|a 796.034.2
|2 MRF
|
| 080 |
|
|
|a 796.093
|2 MRF
|
| 080 |
|
|
|a (072)
|2 MRF
|
| 100 |
1 |
|
|a David, Petr,
|d 1949-
|7 xx0006786
|4 aut
|
| 245 |
1 |
0 |
|a Zkuste to s námi :
|b desatero organizátorů tělovýchovných akcí pro mládež /
|c námět a text: Petr David
|
| 250 |
|
|
|a 1. vydání
|
| 264 |
|
1 |
|a Praha :
|b Sportpropag,
|c 1986
|
| 300 |
|
|
|a 1 svazek (nestránkováno)
|
| 336 |
|
|
|a text
|b txt
|2 rdacontent
|
| 337 |
|
|
|a bez média
|b n
|2 rdamedia
|
| 338 |
|
|
|a svazek
|b nc
|2 rdacarrier
|
| 550 |
|
|
|a Vydavatel: Český ústřední výbor ČSTV
|
| 650 |
0 |
7 |
|a tělovýchova
|7 ph126838
|2 czenas
|
| 650 |
0 |
7 |
|a sportovní akce
|7 ph125943
|2 czenas
|
| 655 |
|
7 |
|a metodické příručky
|7 fd132826
|2 czenas
|
| 710 |
2 |
|
|a Československý svaz tělesné výchovy.
|b Český ústřední výbor
|7 kn20050504081
|4 isb
|
| 910 |
|
|
|a BOA001
|b X-0911.445
|
| 990 |
|
|
|a BK
|
| 991 |
|
|
|b 201605
|
| 996 |
6 |
|
|b 2619168820
|c X-0911.445
|l MZK
|r Sklad / do 24 hodin
|n 0
|w 001569868
|u 000010
|a 1
|e BOA001
|j MZK50
|s P
|